| 000 | 00430nam a2200133Ia 4500 | ||
|---|---|---|---|
| 008 | 250506s9999 xx 000 0 und d | ||
| 024 | _a04B-53-BS & 04B-51-BS | ||
| 082 | _a658.314072 FAR | ||
| 100 | _aFarahan Ahmed & Hisham Riaz | ||
| 245 | 0 | _aWeb Based I.T Management System For Alkaram Textile Mills (PVT) LTD. | |
| 260 |
_aKarachi: _bUIT, _c2004 |
||
| 600 | _aComputer Science | ||
| 650 | _aBachelor of Computer Science (BS) | ||
| 999 |
_c27475 _d27475 |
||